00471 2200193 4500001002100000005001500021008004100036020002200077035001900099041000700118082000800125090000800133100001800141245002700159250000900186260002700195300002800222650002700250INLIS00000000000439520241224112913241224||||||||| | ||| |||| || |  a978-979-29-5206-3 0010-1224004395 aid0 a613 a6130 aFERI SULIANTA00aKEAJAIBAN AIR DAN BUAH aED 1 bRAPHA PUBLISHINGc2016 aviii=104 HAL.; 15X19 CM 0aILMU SENI DAN OLAHRAGA